<?xml version="1.0" encoding="utf-8"?>
<?xml-stylesheet type='text/xsl' href='./oai2.xsl'?>
<OAI-PMH xmlns="http://www.openarchives.org/OAI/2.0/" xmlns:xsi="http://www.w3.org/2001/XMLSchema-instance" xsi:schemaLocation="http://www.openarchives.org/OAI/2.0/ http://www.openarchives.org/OAI/2.0/OAI-PMH.xsd">
  <responseDate>2026-05-15T22:02:35Z</responseDate>
  <request verb="GetRecord" metadataPrefix="marcxml" identifier="record_kuniweb_124744">https://kulturerbe.niedersachsen.de/oai</request>
  <GetRecord>
    <record>
      <header>
        <identifier>record_kuniweb_124744</identifier>
        <datestamp>2024-04-10T10:39:58Z</datestamp>
        <setSpec>slg0230</setSpec>
      </header>
      <metadata>
        <marc:record xmlns:marc="http://www.loc.gov/MARC21/slim" xsi:schemaLocation="http://www.loc.gov/MARC21/slim http://www.loc.gov/standards/marcxml/schema/MARC21slim.xsd">
          <marc:leader>12345nkm  22     uu 4500</marc:leader>
          <marc:controlfield tag="001">124744</marc:controlfield>
          <marc:controlfield tag="003">http://kuniweb.gbv.de</marc:controlfield>
          <marc:controlfield tag="005">2021-12-20T14:26:19</marc:controlfield>
          <marc:controlfield tag="008">|           ||||||||||||||||||||||</marc:controlfield>
          <marc:datafield tag="245" ind1="1" ind2="0">
            <marc:subfield code="a">Otterndorf: Schleusenstraße 34-44, Grundsteinlegung für die Wohnhäuser der Bau AG. durch Landrat H. W. Kopf am 14.4.1930; Abgebildete: 
1. Landrat H. W. Kopf; 2. Bürgermeister Alfred Oest; 3. Notar A. Villbrandt; 4. Spark. Dir. O. Wilstermann; 5. Kr.O.Insp. Holderbaum; 6. Kr.O.Sekr. Wilhelm Härcke; 7. Senator Fr. Voigt; 8. Bauunternehmer H. Schölermann; 9. Stadtrat Röfer; 10. Architekt Noris; 11. Bauunternehmer Leon Machet; 12. Polier Stein; 13. Will Kopf, Sohn des Landrates</marc:subfield>
          </marc:datafield>
          <marc:datafield tag="655" ind1=" " ind2="7">
            <marc:subfield code="a">Fotografie</marc:subfield>
          </marc:datafield>
          <marc:datafield tag="046" ind1=" " ind2=" ">
            <marc:subfield code="k">1930-04-14</marc:subfield>
            <marc:subfield code="k">14. April 1930</marc:subfield>
          </marc:datafield>
          <marc:datafield tag="260" ind1=" " ind2=" ">
            <marc:subfield code="g">1930-04-14</marc:subfield>
            <marc:subfield code="g">14. April 1930</marc:subfield>
          </marc:datafield>
          <marc:datafield tag="300" ind1=" " ind2=" ">
            <marc:subfield code="a">Breite: 17,5 cm
Höhe: 12,3 cm</marc:subfield>
          </marc:datafield>
          <marc:datafield tag="600" ind1="1" ind2=" ">
            <marc:subfield code="a">Härcke</marc:subfield>
            <marc:subfield code="d">* 07.10.1900 † 11.06.1965</marc:subfield>
          </marc:datafield>
          <marc:datafield tag="600" ind1="1" ind2=" ">
            <marc:subfield code="a">Röfer</marc:subfield>
            <marc:subfield code="d">* 04.02.1867 † 29.11.1961</marc:subfield>
          </marc:datafield>
          <marc:datafield tag="600" ind1="1" ind2=" ">
            <marc:subfield code="a">Voigt</marc:subfield>
            <marc:subfield code="d">* 27.02.1869 † 24.04.1943</marc:subfield>
          </marc:datafield>
          <marc:datafield tag="600" ind1="1" ind2=" ">
            <marc:subfield code="a">Kopf</marc:subfield>
            <marc:subfield code="d">* 06.05.1893 † 21.12.1961</marc:subfield>
          </marc:datafield>
          <marc:datafield tag="600" ind1="1" ind2=" ">
            <marc:subfield code="a">Oest</marc:subfield>
            <marc:subfield code="d">* 20.10.1872 † 01.06.1944</marc:subfield>
          </marc:datafield>
          <marc:datafield tag="600" ind1="1" ind2=" ">
            <marc:subfield code="a">Villbrandt</marc:subfield>
            <marc:subfield code="d">* 15.02.1877 † 15.09.1931</marc:subfield>
          </marc:datafield>
          <marc:datafield tag="600" ind1="1" ind2=" ">
            <marc:subfield code="a">Wilstermann</marc:subfield>
            <marc:subfield code="d">* 29.04.1897 † 02.03.1986</marc:subfield>
          </marc:datafield>
          <marc:datafield tag="600" ind1="1" ind2=" ">
            <marc:subfield code="a">Schölermann</marc:subfield>
            <marc:subfield code="d">* 03.11.1866 † 30.04.1943</marc:subfield>
          </marc:datafield>
          <marc:datafield tag="600" ind1="1" ind2=" ">
            <marc:subfield code="a">Stein</marc:subfield>
            <marc:subfield code="d">* 23.02.1883 † 02.09.1955</marc:subfield>
          </marc:datafield>
          <marc:datafield tag="650" ind1="1" ind2=" ">
            <marc:subfield code="a">Otterndorf (Niedersachsen)</marc:subfield>
          </marc:datafield>
          <marc:datafield tag="773" ind1="0" ind2=" ">
            <marc:subfield code="t">Foto- und Grafiksammlung</marc:subfield>
          </marc:datafield>
          <marc:datafield tag="852" ind1=" " ind2=" ">
            <marc:subfield code="a">Archiv des Landkreises Cuxhaven</marc:subfield>
          </marc:datafield>
          <marc:datafield tag="" ind1=" " ind2=" ">
            <marc:subfield code="a">Dieses digitale Objekt ist durch das Urheberrecht und/oder verwandte Rechte geschützt. Es gelten die Nutzungsbedingungen des Archivs sowie die Gebührensatzung des Landkreises Cuxhaven in der jeweils geltenden Fassung. Bitte wenden Sie sich für inhaltliche Auskünfte oder Reproduktionen an das Archiv des Landkreises Cuxhaven.</marc:subfield>
          </marc:datafield>
          <marc:datafield tag="" ind1=" " ind2=" ">
            <marc:subfield code="a">Urheberrechtsschutz (InC)</marc:subfield>
          </marc:datafield>
        </marc:record>
      </metadata>
    </record>
  </GetRecord>
</OAI-PMH>
